| 000 | 00422nam a22001817a 4500 | ||
|---|---|---|---|
| 003 | MPLRDC | ||
| 005 | 20220104124219.0 | ||
| 008 | 210129b ||||| |||| 00| 0 eng d | ||
| 082 | _a870.8 SJWX v.38 | ||
| 100 | _a屠格涅夫著 | ||
| 245 |
_a贵族之家 _c |
||
| 250 | _a初版 | ||
| 260 |
_a _b文国书局 _c1988 |
||
| 300 | _b平 | ||
| 490 | _a世界文学名著;38 | ||
| 650 | _a | ||
| 942 |
_cBK _o870.8 SJWX v.38 |
||
| 999 |
_c17544 _d17534 |
||